000 01072naa a22003017a 4500
001 BR9509824
003 BR-BrBNA
005 20240918181524.0
007 ta
008 230509b bl.||||| |||| 00| 0 por d
040 _aBR-BrBNA
_bpor
_cBiblioteca Nacional de Agricultura
041 _a(Pt)
072 _aN20
_b4510
090 _aN20 BR9509824
100 1 _aFolle, S.M.
100 1 _aBrandini, A.
111 1 _a7. Simposio sobre o Cerrado
_cBrasilia, DF (Brazil)
_d4-7 Apr 1989
245 1 _aO uso de maquinas e equipamentos agricolas no preparo de solos de cerrado
260 3 _aPlanaltina, DF (Brasil):
_c1995.
500 _a7. Simposio sobre o Cerrado. Estrategias de utilizacao. Anais Planaltina, DF (Brasil): 1995. p. 98-114 (BR9509824-AM)N20
650 _aMaquina Agricola
650 _aTrator
650 _aCusto Operacional
650 _aCerrado
773 0 _t7. Simposio sobre o Cerrado. Estrategias de utilizacao. Anais
_wN20 BR9509824
_gPlanaltina, DF (Brasil), 1995. p. 98-114
909 _a202404
_bLucia
_c55
_dLucia Elande
942 _cAM
_2AGRIS
999 _c325649
_d325649